[Event "Karlsruhe Grenke op"]
[Site "Karlsruhe"]
[Date "2025.04.21"]
[Round "9"]
[White "Smith, Bryan G"]
[Black "Trost, Edvin"]
[Result "0-1"]
[WhiteElo "2374"]
[BlackElo "2481"]
[PlyCount "98"]
[EventDate "2025.04.17"]
[EventType "swiss"]
[EventRounds "9"]
[EventCountry "GER"]
[SourceTitle "CB17_2025"]
[SourceDate "2025.04.23"]
[SourceVersion "1"]
[SourceVersionDate "2025.04.23"]
[SourceQuality "1"]

1. e4 c6 2. d4 d5 3. e5 Bf5 4. h4 h5 5. Bd3 Bxd3 6. Qxd3 Qa5+ 7. Nd2 e6 8. Ngf3 Nh6 9. 0-0 Nf5 10. a4 Be7 11. Nb3 Qa6 12. Qd1 Nd7 13. g3 c5 14. dxc5 Nxc5 15. Nbd4 Nxd4 16. Nxd4 Rc8 17. a5 Nd7 18. Bf4 Nb8 19. c3 Nc6 20. Nf3 Qb5 21. b4 a6 22. Be3 Qc4 23. Rc1 Qe4 24. Bf4 0-0 25. Re1 Qf5 26. Qe2 Rc7 27. b5 Nxa5 28. bxa6 bxa6 29. Qxa6 Nc4 30. Qa2 Bc5 31. Qc2 Qxc2 32. Rxc2 Rb8 33. Ra1 Kh7 34. Kf1 Rcb7 35. Nd2 Na3 36. Rca2 Nb5 37. Rc1 Rc7 38. c4 Bb4 39. Ra4 Na3 40. Ra1 Bxd2 41. R1xa3 Bxf4 42. cxd5 Bxe5 43. dxe6 Rb1+ 44. Kg2 fxe6 45. Re3 Rb5 46. Rae4 Rcc5 47. f4 Rc2+ 48. Re2 Rxe2+ 49. Rxe2 Rb2 0-1

[Event "Karlsruhe Grenke op"]
[Site "Karlsruhe"]
[Date "2025.04.20"]
[Round "7"]
[White "Smith, Bryan G"]
[Black "Neukirchner, Pascal"]
[Result "1-0"]
[WhiteElo "2374"]
[BlackElo "2245"]
[PlyCount "115"]
[EventDate "2025.04.17"]
[EventType "swiss"]
[EventRounds "9"]
[EventCountry "GER"]
[SourceTitle "CB17_2025"]
[SourceDate "2025.04.23"]
[SourceVersion "1"]
[SourceVersionDate "2025.04.23"]
[SourceQuality "1"]

1. e4 c5 2. Nc3 g6 3. d4 cxd4 4. Qxd4 Nf6 5. Be3 Nc6 6. Qd2 Bg7 7. f3 d6 8. 0-0-0 Be6 9. Kb1 Qa5 10. Nge2 0-0 11. Nf4 Bd7 12. Nfd5 e6 13. Nxf6+ Bxf6 14. Nb5 Nb4 15. a3 Bxb5 16. Qxb4 Qxb4 17. axb4 Bxf1 18. Rhxf1 a5 19. b5 a4 20. Rxd6 a3 21. Bd4 Bxd4 22. Rxd4 axb2 23. Rfd1 Ra5 24. c4 Kg7 25. Rd8 Ra4 26. Rxf8 Kxf8 27. Rd8+ Kg7 28. Rc8 Rb4 29. e5 g5 30. Rc7 b6 31. Rc6 Kg6 32. Rxb6 Rxc4 33. Kxb2 Rc5 34. Rb8 Rxe5 35. Kc3 Kf5 36. Kc4 Re2 37. Rf8 Rxg2 38. Kc3 Rxh2 39. b6 Rh1 40. b7 Rb1 41. b8Q Rxb8 42. Rxb8 Kf4 43. Rb7 f5 44. Rxh7 Kxf3 45. Kd2 Kf2 46. Rh2+ Kg3 47. Rh6 e5 48. Ke2 g4 49. Rh5 f4 50. Rxe5 Kg2 51. Rf5 f3+ 52. Ke3 g3 53. Rxf3 Kh2 54. Rf8 g2 55. Rh8+ Kg1 56. Rg8 Kf1 57. Rh8 Kg1 58. Rf8 1-0

[Event "Karlsruhe Grenke op"]
[Site "Karlsruhe"]
[Date "2025.04.19"]
[Round "5"]
[White "Maksimovic, Bojan"]
[Black "Smith, Bryan G"]
[Result "1-0"]
[WhiteElo "2512"]
[BlackElo "2374"]
[PlyCount "73"]
[EventDate "2025.04.17"]
[EventType "swiss"]
[EventRounds "9"]
[EventCountry "GER"]
[SourceTitle "CB17_2025"]
[SourceDate "2025.04.23"]
[SourceVersion "1"]
[SourceVersionDate "2025.04.23"]
[SourceQuality "1"]

1. c4 c5 2. Nf3 Nc6 3. g3 g6 4. Bg2 Bg7 5. Nc3 d6 6. 0-0 Bf5 7. h3 e5 8. d3 Nge7 9. a3 0-0 10. Rb1 a5 11. Bd2 h6 12. Nd5 Nxd5 13. cxd5 Ne7 14. e4 Bd7 15. Qc1 Kh7 16. b4 cxb4 17. axb4 a4 18. b5 a3 19. Ra1 a2 20. Qb2 Qb6 21. Rxa2 Qxb5 22. Qxb5 Bxb5 23. Rxa8 Rxa8 24. Rb1 Ba6 25. Bf1 Rd8 26. Ba5 Rd7 27. Rc1 f5 28. h4 Ng8 29. Rc3 Nf6 30. Bh3 Rf7 31. Nd2 h5 32. Nf3 Bh6 33. Ng5+ Bxg5 34. hxg5 Ng4 35. Bb6 f4 36. f3 Ne3 37. Be6 1-0

[Event "Heusenstamm Sparkassen op 11th"]
[Site "Heusenstamm"]
[Date "2024.11.24"]
[Round "6"]
[White "Perske, Paul"]
[Black "Smith, Bryan G"]
[Result "1/2-1/2"]
[WhiteElo "2093"]
[BlackElo "2399"]
[PlyCount "113"]
[EventDate "2024.11.21"]
[EventType "swiss"]
[EventRounds "7"]
[EventCountry "GER"]
[SourceTitle "CB48_2024"]
[SourceDate "2024.11.28"]
[SourceVersion "1"]
[SourceVersionDate "2024.11.28"]
[SourceQuality "1"]

1. d4 Nf6 2. c4 e6 3. Nf3 Bb4+ 4. Bd2 a5 5. a3 Bxd2+ 6. Qxd2 b6 7. Nc3 Bb7 8. e3 d6 9. Be2 Nbd7 10. 0-0 0-0 11. b4 Ne4 12. Nxe4 Bxe4 13. Qc3 f5 14. Nd2 Bb7 15. f4 Qe7 16. Nf3 Nf6 17. Rfd1 h6 18. Qc2 Ng4 19. Qd2 g5 20. fxg5 hxg5 21. e4 f4 22. Nh4 Nxh2 23. Ng6 Qh7 24. Nxf8 Rxf8 25. d5 e5 26. Rac1 g4 27. Rc3 g3 28. Rxg3+ fxg3 29. Qg5+ Qg7 30. Qxg7+ Kxg7 31. Rd3 Rf4 32. Rxg3+ Kf6 33. Kxh2 axb4 34. axb4 Rxe4 35. Bd3 Rd4 36. Rf3+ Kg7 37. Rg3+ Kf6 38. Rf3+ Ke7 39. Bg6 Rf4 40. Rc3 Kf6 41. Bc2 b5 42. cxb5 Bxd5 43. Rxc7 Rf2 44. b6 Rxg2+ 45. Kh3 Rg8 46. Rh7 Rc8 47. Rh6+ Kg5 48. Rg6+ Kh5 49. Bf5 Rc3+ 50. Kh2 Rb3 51. Rxd6 Bf3 52. Rd3 Rb2+ 53. Kg3 Bb7 54. Re3 Rxb4 55. Rxe5 Rxb6 56. Be4+ Kh6 57. Bxb7 1/2-1/2

[Event "Heusenstamm Sparkassen op 11th"]
[Site "Heusenstamm"]
[Date "2024.11.23"]
[Round "5"]
[White "Smith, Bryan G"]
[Black "Wuerl, Roland"]
[Result "1-0"]
[WhiteElo "2399"]
[BlackElo "2013"]
[PlyCount "51"]
[EventDate "2024.11.21"]
[EventType "swiss"]
[EventRounds "7"]
[EventCountry "GER"]
[SourceTitle "CB51_2024"]
[SourceDate "2024.12.18"]
[SourceVersion "1"]
[SourceVersionDate "2024.12.18"]
[SourceQuality "1"]

1. e4 c5 2. Nf3 d6 3. d4 cxd4 4. Nxd4 Nf6 5. Nc3 Nc6 6. Bg5 e6 7. Qd2 Bd7 8. Ndb5 Nb4 9. Qd1 a6 10. Bxf6 gxf6 11. a3 Nxc2+ 12. Qxc2 axb5 13. Bxb5 Bxb5 14. Nxb5 Qa5+ 15. Nc3 Qa6 16. Rd1 h5 17. Rd3 h4 18. h3 Rg8 19. 0-0 Be7 20. f4 Qb6+ 21. Kh1 Qc5 22. Qb3 Rb8 23. f5 Kd7 24. Na4 Qe5 25. Nb6+ Kd8 26. Qa4 1-0

[Event "Augsburg Friendly op 2nd"]
[Site "Augsburg"]
[Date "2024.11.03"]
[Round "6"]
[White "Smith, Bryan G"]
[Black "Poetsch, Hagen"]
[Result "1/2-1/2"]
[WhiteElo "2375"]
[BlackElo "2490"]
[PlyCount "87"]
[EventDate "2024.10.31"]
[EventType "swiss"]
[EventRounds "7"]
[EventCountry "GER"]
[SourceTitle "CB45_2024"]
[Source "ChessBase"]
[SourceDate "2024.11.06"]
[SourceVersion "1"]
[SourceVersionDate "2024.11.06"]
[SourceQuality "1"]

1. e4 c5 2. Nf3 d6 3. d4 cxd4 4. Nxd4 Nf6 5. Nc3 a6 6. Bd3 g6 7. Be3 Bg7 8. f3 Nbd7 9. g4 Nc5 10. g5 Nh5 11. Qd2 b5 12. 0-0-0 Bb7 13. Kb1 0-0 14. Nce2 Nxd3 15. cxd3 d5 16. Ng3 e5 17. Nde2 Nxg3 18. hxg3 d4 19. Bf2 f6 20. gxf6 Qxf6 21. f4 Bc8 22. Rdf1 Qd6 23. fxe5 Bxe5 24. Qh6 Qe7 25. Bxd4 Rxf1+ 26. Rxf1 Bg4 27. Bxe5 Bxe2 28. Bf6 Qf8 29. Qg5 Qd6 30. Re1 Bxd3+ 31. Ka1 Bxe4 32. Be5 Qf8 33. Bc3 Re8 34. a3 h6 35. Qd2 Bc6 36. Rxe8 Bxe8 37. Qd5+ Kh7 38. Qb7+ Qf7 39. Qxf7+ Bxf7 40. Kb1 g5 41. Kc2 Kg6 42. Kd3 Kf5 43. Ke3 Kg4 44. Kf2 1/2-1/2

[Event "Augsburg Friendly op 2nd"]
[Site "Augsburg"]
[Date "2024.11.01"]
[Round "3"]
[White "Seyb, Dieter"]
[Black "Smith, Bryan G"]
[Result "0-1"]
[WhiteElo "2128"]
[BlackElo "2375"]
[PlyCount "68"]
[EventDate "2024.10.31"]
[EventType "swiss"]
[EventRounds "7"]
[EventCountry "GER"]
[SourceTitle "CB45_2024"]
[Source "ChessBase"]
[SourceDate "2024.11.06"]
[SourceVersion "1"]
[SourceVersionDate "2024.11.06"]
[SourceQuality "1"]

1. e4 c5 2. Nf3 d6 3. d4 cxd4 4. Nxd4 Nf6 5. Nc3 a6 6. a3 e5 7. Nf5 d5 8. Bg5 d4 9. Bxf6 Qxf6 10. Nd5 Qd8 11. Qg4 g6 12. Qg3 Nc6 13. Nxd4 exd4 14. Nc7+ Kd7 15. Nxa8 Qa5+ 16. b4 Nxb4 17. Nb6+ Qxb6 18. axb4 Qxb4+ 19. c3 Qxc3+ 20. Qxc3 dxc3 21. 0-0-0+ Kc7 22. Kc2 Bb4 23. Bc4 b5 24. Bd5 Re8 25. f4 f6 26. h3 Bd6 27. Rhf1 b4 28. Rd4 Bd7 29. Rfd1 Bc5 30. R4d3 Bb5 31. Rg3 a5 32. f5 g5 33. Ra1 a4 34. Be6 Bd6 0-1

[Event "Arco op 46th"]
[Site "Arco"]
[Date "2024.10.10"]
[Round "6"]
[White "Petriashvili, Nikoloz"]
[Black "Smith, Bryan G"]
[Result "1-0"]
[WhiteElo "2448"]
[BlackElo "2375"]
[PlyCount "60"]
[EventDate "2024.10.05"]
[EventType "swiss"]
[EventRounds "9"]
[EventCountry "ITA"]
[SourceTitle "CB44_2024"]
[Source "Chessbase"]
[SourceDate "2024.10.30"]
[SourceVersion "1"]
[SourceVersionDate "2024.10.30"]
[SourceQuality "1"]

1. d4 Nf6 2. c4 e6 3. Nc3 Bb4 4. e3 0-0 5. Bd3 d5 6. Nf3 c5 7. 0-0 dxc4 8. Bxc4 Nc6 9. h3 a6 10. Bd3 Qe7 11. Ne4 Nxe4 12. Bxe4 f5 13. Bxc6 bxc6 14. Bd2 Bxd2 15. Qxd2 cxd4 16. exd4 c5 17. dxc5 Qxc5 18. Rfe1 Qb6 19. Rac1 Rb8 20. b3 Rd8 21. Qe2 h6 22. Ne5 Rb7 23. Rc6 Qb5 24. Qc2 Rb8 25. Rc7 Bb7 26. Rxg7+ Kxg7 27. Qc7+ Kh8 28. Nf7+ Kg8 29. Nxh6+ Kh8 30. Nf7+ Kg8 1-0

[Event "Arco op 46th"]
[Site "Arco"]
[Date "2024.10.09"]
[Round "5"]
[White "Smith, Bryan G"]
[Black "Akhvlediani, Irakli"]
[Result "1-0"]
[WhiteElo "2375"]
[BlackElo "2360"]
[PlyCount "75"]
[EventDate "2024.10.05"]
[EventType "swiss"]
[EventRounds "9"]
[EventCountry "ITA"]
[SourceTitle "CB44_2024"]
[Source "Chessbase"]
[SourceDate "2024.10.30"]
[SourceVersion "1"]
[SourceVersionDate "2024.10.30"]
[SourceQuality "1"]

1. e4 c5 2. Nf3 Nc6 3. d4 cxd4 4. Nxd4 Nf6 5. Nc3 e5 6. Ndb5 d6 7. Nd5 Nxd5 8. exd5 Nb8 9. a4 Be7 10. Be2 Nd7 11. Bd2 a6 12. Na3 a5 13. Bb5 0-0 14. Nc4 f5 15. Qe2 f4 16. 0-0-0 Nc5 17. f3 Bf5 18. g3 e4 19. Rhe1 Rf7 20. gxf4 Bh4 21. Rg1 exf3 22. Qxf3 Be4 23. Qe3 Bf6 24. Bc3 Bxc3 25. Qxc3 Qf6 26. Qxf6 Rxf6 27. Rg3 g6 28. Rc3 Rd8 29. Nxa5 Rxf4 30. b4 Ra8 31. bxc5 Rxa5 32. cxd6 Rf8 33. d7 Raa8 34. Re1 Bxd5 35. Re8 Bc6 36. Bxc6 bxc6 37. Rxa8 Rxa8 38. Rxc6 1-0

[Event "Arco op 46th"]
[Site "Arco"]
[Date "2024.10.08"]
[Round "4"]
[White "Borgo, Giulio"]
[Black "Smith, Bryan G"]
[Result "0-1"]
[WhiteElo "2299"]
[BlackElo "2375"]
[PlyCount "116"]
[EventDate "2024.10.05"]
[EventType "swiss"]
[EventRounds "9"]
[EventCountry "ITA"]
[SourceTitle "CB44_2024"]
[Source "Chessbase"]
[SourceDate "2024.10.30"]
[SourceVersion "1"]
[SourceVersionDate "2024.10.30"]
[SourceQuality "1"]

1. e4 c5 2. Nf3 d6 3. Bb5+ Nd7 4. c3 Ngf6 5. Bd3 g6 6. Bc2 Bg7 7. d4 0-0 8. 0-0 b5 9. a4 b4 10. cxb4 cxb4 11. a5 e5 12. dxe5 Nxe5 13. Nbd2 Ba6 14. Re1 Qc7 15. Nd4 Nfd7 16. N2b3 Nc5 17. Re3 Rac8 18. Rg3 Ne6 19. Nxe6 fxe6 20. Nd4 Qc5 21. Be3 Nc4 22. Nxe6 Nxe3 23. Nxc5 Nxd1 24. Bb3+ Kh8 25. Nxa6 Nxf2 26. Rf3 Nxe4 27. Rd1 Rxf3 28. gxf3 Nc5 29. Bc4 Nxa6 30. Bxa6 Rc2 31. b3 Be5 32. h3 Ra2 33. Rd5 Kg7 34. Bd3 Kf6 35. h4 Rb2 36. Bc4 Kf5 37. Kf1 Kf4 38. Rd3 Rh2 39. Be6 Ra2 40. Bg8 h6 41. Bh7 g5 42. hxg5 hxg5 43. Bg8 Rxa5 44. Ke2 Ra2+ 45. Kd1 Rf2 46. Bd5 Bc3 47. Bc6 Rb2 48. Bd5 Ke5 49. Bc4 Rf2 50. Rd5+ Kf4 51. Be2 Be5 52. Kd2 Rxf3 53. Bxf3 Kxf3 54. Ke1 g4 55. Kf1 g3 56. Rd2 Bf4 57. Ra2 d5 58. Rc2 d4 0-1

[Event "World op 52nd"]
[Site "Philadelphia"]
[Date "2024.07.06"]
[Round "7"]
[White "Smith, Bryan G"]
[Black "Cordova, Emilio"]
[Result "1-0"]
[WhiteElo "2395"]
[BlackElo "2531"]
[PlyCount "107"]
[EventDate "2024.07.03"]
[EventType "swiss"]
[EventRounds "9"]
[EventCountry "USA"]
[SourceTitle "CBM 221 Extra"]
[Source "ChessBase"]
[SourceDate "2024.09.30"]
[SourceVersion "1"]
[SourceVersionDate "2024.09.30"]
[SourceQuality "1"]

1. e4 c5 2. Nf3 b6 3. d4 cxd4 4. Nxd4 a6 5. c4 e6 6. Nc3 Bb7 7. Be2 Qc7 8. 0-0 Nf6 9. Qd3 d6 10. f4 Nbd7 11. b4 Rc8 12. Bb2 Be7 13. Rac1 0-0 14. g4 b5 15. cxb5 Qb6 16. g5 axb5 17. gxf6 Bxf6 18. Ncxb5 e5 19. Bg4 Rcd8 20. Rc7 Nb8 21. Rxb7 Qxb7 22. Nf5 Nc6 23. a3 g6 24. Ne3 Bg7 25. f5 Rb8 26. Nc3 Nxb4 27. axb4 Qxb4 28. Bc1 Qd4 29. Be2 Rb3 30. Qxd4 exd4 31. Ned5 gxf5 32. exf5 Be5 33. Ne4 Kh8 34. Nef6 Rc8 35. Bf4 d3 36. Bd1 Rb1 37. Bxe5 dxe5 38. Ne4 Rcc1 39. Ndc3 Ra1 40. Kf2 Ra3 41. Ke3 Rcxc3 42. Nxc3 Rxc3 43. Rg1 f6 44. Bh5 Rc2 45. Bf7 h6 46. h4 d2 47. Rd1 Kg7 48. Bg6 h5 49. Rxd2 Rc3+ 50. Rd3 Rc7 51. Bxh5 Rc4 52. Rd7+ Kh6 53. Bg6 Re4+ 54. Kd3 1-0

[Event "Wiesbaden op 32nd"]
[Site "Wiesbaden"]
[Date "2023.08.26"]
[Round "4"]
[White "Henrich, Thomas"]
[Black "Smith, Bryan G"]
[Result "0-1"]
[WhiteElo "2147"]
[BlackElo "2378"]
[PlyCount "78"]
[EventDate "2023.08.24"]
[EventType "swiss"]
[EventRounds "7"]
[EventCountry "GER"]
[SourceTitle "CBM 216 Extra"]
[Source "ChessBase"]
[SourceDate "2023.11.30"]
[SourceVersion "1"]
[SourceVersionDate "2023.11.30"]
[SourceQuality "1"]

1. d4 Nf6 2. c4 g6 3. Nc3 Bg7 4. e4 d6 5. Be2 0-0 6. Bg5 Na6 7. Qd2 e5 8. d5 Qe8 9. Bd1 c6 10. Nge2 cxd5 11. Bxf6 Bxf6 12. Nxd5 Bg7 13. Nec3 Qd8 14. h4 h5 15. g4 hxg4 16. h5 Be6 17. Be2 Bf6 18. Nxf6+ Qxf6 19. Qh6 Qf4 20. hxg6 Qxh6 21. Rxh6 Kg7 22. Rh4 Kxg6 23. 0-0-0 Rh8 24. Rxh8 Rxh8 25. Rxd6 Kg5 26. Kd2 Rh2 27. Ke3 Rh3+ 28. Kd2 Kf4 29. Bd3 Kf3 30. Ke1 Rh1+ 31. Bf1 Nc5 32. Ne2 a5 33. b3 Rh2 34. Rd2 Kxe4 35. Ng3+ Kf4 36. Rc2 Bf5 37. Ne2+ Kg5 38. Rc3 Nd3+ 39. Kd2 Rxf2 0-1

[Event "Akron Cardinal op"]
[Site "Akron"]
[Date "2023.02.05"]
[Round "4"]
[White "Lin, Michael"]
[Black "Smith, Bryan G"]
[Result "0-1"]
[WhiteElo "2067"]
[BlackElo "2387"]
[PlyCount "86"]
[EventDate "2023.02.03"]
[EventType "swiss"]
[EventRounds "5"]
[EventCountry "USA"]
[SourceTitle "CBM 212 Extra"]
[Source "ChessBase"]
[SourceDate "2023.03.31"]
[SourceVersion "1"]
[SourceVersionDate "2023.03.31"]
[SourceQuality "1"]

1. d4 Nf6 2. c4 g6 3. Nc3 Bg7 4. e4 d6 5. Bd3 0-0 6. Nge2 Nc6 7. 0-0 Nh5 8. Be3 e5 9. d5 Nd4 10. Bxd4 exd4 11. Nb5 c6 12. dxc6 bxc6 13. Nbxd4 Qb6 14. Bc2 Qxb2 15. Rb1 Qxa2 16. Nxc6 Bg4 17. f3 Be6 18. Bd3 Qa3 19. Ne7+ Kh8 20. Kh1 a5 21. Nd5 Rfb8 22. Qc2 Bxd5 23. cxd5 Bb2 24. Rfd1 Kg8 25. Rd2 Be5 26. Bb5 Qe3 27. Qd3 Qf2 28. g3 Rc8 29. Bc6 Rab8 30. Rdd1 Nf6 31. Rf1 Rxb1 32. Rxb1 h5 33. Ng1 h4 34. Rf1 Qa2 35. Qe2 Qb3 36. f4 Bd4 37. Nf3 Bc3 38. Nxh4 a4 39. Qa6 Rb8 40. Qxa4 Qb2 41. Qa7 Bd4 42. Qe7 Qe2 43. Rc1 Rb2 0-1

[Event "Akron Cardinal op"]
[Site "Akron"]
[Date "2023.02.04"]
[Round "2"]
[White "Zhao, Erick"]
[Black "Smith, Bryan G"]
[Result "1-0"]
[WhiteElo "2297"]
[BlackElo "2387"]
[PlyCount "66"]
[EventDate "2023.02.03"]
[EventType "swiss"]
[EventRounds "5"]
[EventCountry "USA"]
[SourceTitle "CBM 212 Extra"]
[Source "ChessBase"]
[SourceDate "2023.03.31"]
[SourceVersion "1"]
[SourceVersionDate "2023.03.31"]
[SourceQuality "1"]

1. e4 e6 2. d4 d5 3. Nd2 Be7 4. Bd3 c5 5. dxc5 Nf6 6. Qe2 0-0 7. Ngf3 a5 8. 0-0 Na6 9. e5 Nd7 10. c3 Naxc5 11. Bb5 Qc7 12. c4 d4 13. b3 f6 14. exf6 Bxf6 15. Ba3 b6 16. Ne4 e5 17. Rfe1 Bb7 18. Bxd7 Nxe4 19. Be6+ Rf7 20. Qc2 Nc3 21. Bxf7+ Kxf7 22. Qf5 Bxf3 23. gxf3 g6 24. Qd3 b5 25. cxb5 Rc8 26. Bb2 e4 27. fxe4 Qf4 28. Rac1 Be5 29. Bxc3 Qxh2+ 30. Kf1 dxc3 31. b6 Rd8 32. Qxd8 Kg7 33. Qd3 Kf7 1-0

[Event "Arco op 44th"]
[Site "Arco"]
[Date "2022.10.15"]
[Round "8"]
[White "Bodrogi, Bendeguz"]
[Black "Smith, Bryan G"]
[Result "1/2-1/2"]
[WhiteElo "2233"]
[BlackElo "2413"]
[PlyCount "122"]
[EventDate "2022.10.08"]
[EventType "swiss"]
[EventRounds "9"]
[EventCountry "ITA"]
[SourceTitle "CBM 210 Extra"]
[Source "ChessBase"]
[SourceDate "2022.11.30"]
[SourceVersion "1"]
[SourceVersionDate "2022.11.30"]
[SourceQuality "1"]

1. c4 e5 2. Nc3 Bb4 3. e4 Nc6 4. Nge2 d6 5. a3 Bc5 6. b4 Bb6 7. Bb2 f5 8. b5 Nce7 9. d4 Nf6 10. c5 dxc5 11. dxe5 Qxd1+ 12. Rxd1 Nxe4 13. Nxe4 fxe4 14. Nc3 Be6 15. Nxe4 Ba5+ 16. Bc3 Bxc3+ 17. Nxc3 Bc8 18. Ne2 Be6 19. Nc3 Ng6 20. g3 Nxe5 21. Bg2 Bg4 22. Rd5 Nf3+ 23. Kf1 0-0 24. h3 Rae8 25. Ne2 Nh2+ 26. Kg1 Nf3+ 27. Kf1 Nh2+ 28. Kg1 Bxe2 29. Kxh2 Rxf2 30. Rd2 Ref8 31. Rc1 Bxb5 32. Rxf2 Rxf2 33. Kg1 Rf5 34. Bxb7 Kf8 35. Kg2 a5 36. Be4 Re5 37. Kf3 Ke7 38. Bxh7 c4 39. Bg8 Kf8 40. Bh7 Rh5 41. Bg6 Rxh3 42. a4 Bxa4 43. Rxc4 Rh6 44. Rxa4 Rxg6 45. Rxa5 Ke7 46. Kf4 Re6 47. Ra1 g6 48. Rc1 Kd7 49. g4 c6 50. Kg5 Kd6 51. Rd1+ Ke7 52. Rc1 Kf7 53. Kh6 Rf6 54. Rc2 Re6 55. Rc1 Kf6 56. g5+ Ke7 57. Kg7 Rd6 58. Re1+ Kd7 59. Rc1 Kc7 60. Kf7 Kd7 61. Rc2 Kc7 1/2-1/2